Soil and groundwater pollution from Agricultural activities (Record no. 155290)

MARC details
000 -LEADER
fixed length control field 00363nam a2200133Ia 4500
008 - FIXED-LENGTH DATA ELEMENTS--GENERAL INFORMATION
fixed length control field 230917s9999||||xx |||||||||||||| ||und||
040 ## - CATALOGING SOURCE
-- 158437
Original cataloging agency VIVEKANANDA LIBRARY
041 ## - Language
-- English
082 ## - DDC NUMBER
Classification number 363.7 R141S
100 ## - MAIN ENTRY--PERSONAL NAME
Personal name Ramachandra, T V
245 #0 - TITLE STATEMENT
Title Soil and groundwater pollution from Agricultural activities
260 ## - PUBLICATION, DISTRIBUTION, ETC. (IMPRINT)
Place of publication, distribution, etc New Delhi
Name of publisher, distributor, etc Teri Press
Date of publication, distribution, etc 2009
942 ## - ADDED ENTRY ELEMENTS (KOHA)
Koha item type Books
Holdings
Withdrawn status Lost status Damaged status Not for loan Location (home branch) Sublocation or collection (holding branch) Date acquired Koha issues (times borrowed) Koha full call number Accession No. Koha date last seen Koha item type
        VIVEKANANDA LIBRARY VIVEKANANDA LIBRARY 23/07/2010   363.7 R141S 281989 17/09/2023 Books
        VIVEKANANDA LIBRARY VIVEKANANDA LIBRARY 23/07/2010 1 363.7 R141S 282186 30/10/2023 Books
        VIVEKANANDA LIBRARY VIVEKANANDA LIBRARY 23/07/2010   363.7 R141S 282187 17/09/2023 Books
        VIVEKANANDA LIBRARY VIVEKANANDA LIBRARY 23/07/2010   363.7 R141S 282188 17/09/2023 Books
© Designed and Maintained by Vivekananda Library, MDU Rohtak